Statistics for Countries Least Similar To United Arab Emirates

Click here to take the quiz!

General Stats

  • This quiz has been taken 10 times
  • The average score is 5 of 22

Answer Stats

RankCountryScore% Correct
5Democratic Republic of the Congo41.5
60%
9Rwanda42.7
50%
1Burundi40.0
40%
12Central African Republic43.0
40%
4Mozambique40.7
40%
16Uganda43.9
40%
15Angola43.3
30%
9Malawi42.7
30%
20Zambia44.4
30%
16Guinea-Bissau43.9
20%
11Laos42.8
20%
3Lesotho40.6
20%
6Madagascar41.8
20%
19Bhutan44.3
10%
14Cambodia43.2
10%
8Haiti42.2
10%
20Honduras44.4
10%
12Togo43.0
10%
6East Timor41.8
0%
20Nepal44.4
0%
2Papua New Guinea40.2
0%
18Solomon Islands44.1
0%

Score Distribution

Percentile by Number Answered

Percent of People with Each Score

Your Score History

You have not taken this quiz